000 02329nam a2200253 a 4500
008 180618s9999 ||||||||||||||||| || u
050 _aCTA(08)PGS/8A
110 _aTechnical Centre for Agricultural and Rural Cooperation (CTA)
245 1 0 _aPreserving green leafy vegetables and fruits
_cby Technical Centre for Agricultural and Rural Cooperation (CTA)
260 _aNairobi:
300 _a6p.: ill.
490 _aCTA Practical Guide Series, No. 8
650 _aCANNING AND PRESERVING
650 _aFRUITS--PRESERVATION
650 _aVEGETABLES--PRESERVATION
995 _aSPECIAL COLLECTIONS
_e3574
_FCBU-MAIN LIBRARY (Kitwe)
_jCTA(08)PGS/8E
_M5
_UAVAILABLE
_WJun 18, 2018
_XTechnical Centre for Agriculture and Rural Cooperation
_yB3574
_ZUniversity Collection
995 _aSPECIAL COLLECTIONS
_e3576
_FCBU-MAIN LIBRARY (Kitwe)
_jCTA(08)PGS/8G
_M7
_UAVAILABLE
_WJun 18, 2018
_XTechnical Centre for Agriculture and Rural Cooperation
_yB3576
_ZUniversity Collection
995 _aSPECIAL COLLECTIONS
_e3577
_FCBU-MAIN LIBRARY (Kitwe)
_jCTA(08)PGS/8H
_M8
_UAVAILABLE
_WJun 18, 2018
_XTechnical Centre for Agriculture and Rural Cooperation
_yB3577
_ZUniversity Collection
995 _aKAPASA MAKASA LIBRARY OPEN ACCESS
_e3571
_FCBU-KAPASA MAKASA LIBRARY (Chinsali)
_jCTA(08)PGS/8B
_M2
_UAVAILABLE
_WJun 18, 2018
_XTechnical Centre for Agriculture and Rural Cooperation
_yB3571
_ZKapasa Makasa Library Open Acess Collection
995 _aKAPASA MAKASA LIBRARY OPEN ACCESS
_e3570
_FCBU-KAPASA MAKASA LIBRARY (Chinsali)
_jCTA(08)PGS/8A
_M1
_UAVAILABLE
_WJun 18, 2018
_XTechnical Centre for Agriculture and Rural Cooperation
_yB3570
_ZKapasa Makasa Library Open Acess Collection
995 _aKAPASA MAKASA LIBRARY OPEN ACCESS
_e3572
_FCBU-KAPASA MAKASA LIBRARY (Chinsali)
_jCTA(08)PGS/8C
_M3
_UAVAILABLE
_WJun 18, 2018
_XTechnical Centre for Agriculture and Rural Cooperation
_yB3572
_ZKapasa Makasa Library Open Acess Collection
995 _aSPECIAL COLLECTIONS
_e3575
_FCBU-MAIN LIBRARY (Kitwe)
_jCTA(08)PGS/8F
_M6
_UAVAILABLE
_WJun 18, 2018
_XTechnical Centre for Agriculture and Rural Cooperation
_yB3575
_ZUniversity Collection
995 _aKAPASA MAKASA LIBRARY OPEN ACCESS
_e3573
_FCBU-KAPASA MAKASA LIBRARY (Chinsali)
_jCTA(08)PGS/8D
_M4
_UAVAILABLE
_WJun 18, 2018
_XTechnical Centre for Agriculture and Rural Cooperation
_yB3573
_ZKapasa Makasa Library Open Acess Collection
999 _c77030
_d77030